000 00762nam a2200217 a 4500
001 000024564
005 20200930023236.0
008 860327s1971 sp 000 0 spa d
040 _aDO-SdBNP
_bspa
_cBNPHU
082 _ann*
_bnn*
100 1 _aDostoievski, Fedor.
_950359
245 1 0 _aStepanchikovo /
_cFedor Dostoievski ; estudios, notas y comentarios de texto por Constantino García y Guillermo Rojo ; traducción M. Boneu.
260 _aMadrid :
_bNarcea,
_c1971.
300 _a288 p. ;
_c18 cm.
490 1 _aBitácora. Biblioteca del estudiante.
_v14
700 1 _aBoneu, M.,
_etr.
_950360
700 1 _aGarcía, Constantino.
_950361
700 1 _aRojo, Guillermo.
_950362
830 0 _aBitácora. Biblioteca del estudiante
_v14
_941663
049 _aBNGR
999 _c24057
_d24057